Normal view MARC view

Entry Personal Name

Number of records used in: 1

001 - CONTROL NUMBER

  • control field: 2048

003 - CONTROL NUMBER IDENTIFIER

  • control field: DLC

005 - DATE AND TIME OF LATEST TRANSACTION

  • control field: 20200224150526.0

008 - FIXED-LENGTH DATA ELEMENTS

  • fixed length control field: 140622n| azannaabn |a aaa

010 ## - LIBRARY OF CONGRESS CONTROL NUMBER

  • LC control number: n 2014210558

040 ## - CATALOGING SOURCE

  • Original cataloging agency: DLC
  • Language of cataloging: eng
  • Description conventions: rda
  • Transcribing agency: DLC
  • Modifying agency: DLC

100 1# - HEADING--PERSONAL NAME

  • Personal name: Ayyappan, Ke.,
  • Dates associated with a name: 1889-1968.
  • Title of a work: Works.
  • Form subheading: Selections

400 1# - SEE FROM TRACING--PERSONAL NAME

  • Personal name: Ayyappan, Ke.,
  • Dates associated with a name: 1889-1968.
  • Title of a work: Sahodaran Ayyappan

670 ## - SOURCE DATA FOUND

  • Source citation: Sahodaran Ayyappan, 2012.

Powered by Koha